Llwytho...
Kinship in the past : anthropology of European family life, 1500-1900 /
| Prif Awdur: | |
|---|---|
| Fformat: | Printed Book |
| Cyhoeddwyd: |
New York, NY :
B. Blackwell,
1984.
|
| Pynciau: |
| LEADER | 00542pam a2200157 a 4500 | ||
|---|---|---|---|
| 999 | |c 33133 |d 33133 | ||
| 020 | |a 0631130667 : | ||
| 082 | 0 | 0 | |a 306.83094 |b PLA-K |
| 100 | 1 | |a Plakans, Andrejs. | |
| 245 | 1 | 0 | |a Kinship in the past : |b anthropology of European family life, 1500-1900 / |
| 260 | |a New York, NY : |b B. Blackwell, |c 1984. | ||
| 300 | |a ix, 276 p.; |b ill. ; | ||
| 500 | |a Includes index. | ||
| 650 | 0 | |a Kinship | |
| 942 | |c BK | ||
| 952 | |0 0 |1 0 |4 0 |6 306_830940000000000_PLAK |7 0 |9 42496 |a KU |b KU |d 2015-07-05 |l 1 |o 306.83094 PLA-K |p AN00097 |r 2020-01-07 |s 2020-01-06 |y BK | ||